| 000 | 00362nam a22001337a 4500 | ||
|---|---|---|---|
| 999 |
_c18380 _d18380 |
||
| 008 | 200729b xxu||||| |||| 00| 0 eng d | ||
| 020 | _a1313783415 | ||
| 050 |
_aHJ141 _b.B37 1982 c.1 |
||
| 100 | _aBastable, Charles, Francis | ||
| 245 |
_aPublic Finance _cCharles Francis Bastable |
||
| 260 |
_aNew York _bMacmillan |
||
| 300 | _axviii, 672p. | ||
| 942 |
_2lcc _cBK |
||